Các tác giả dòng văn Nguyễn Huy Trường Lưu - Cuộc đời và tác phẩm Tuyển chọn
Khảo luận về tiểu sử, sự nghiệp của các tác giả dòng văn Nguyễn Huy Trường Lưu, tuyển chọn các tác phẩm của các tác giả dòng văn này, giới thiệu một số bài nghiên cứu và một số Sắc, Tấu, Trát, Bẩm, Trướng...
Gardado en:
| Outros autores: | , , , , |
|---|---|
| Formato: | Libro |
| Idioma: | Vietnamese |
| Publicado: |
H.
Lao động ; Trung tâm Văn hoá và Ngôn ngữ Đông Tây
2012
|
| Những chủ đề: | |
| Các nhãn: |
Engadir etiqueta
Sen Etiquetas, Sexa o primeiro en etiquetar este rexistro!
|
| Thư viện lưu trữ: | Mạng thư viện Đại học Đà Nẵng |
|---|
| LEADER | 01808aam a22004098a 4500 | ||
|---|---|---|---|
| 001 | 000018228 | ||
| 003 | 14655 | ||
| 005 | 20131004161045.0 | ||
| 008 | 130925s2012 viesd | ||
| 020 | |c 120000đ | ||
| 041 | 0 | |a vie | |
| 082 | 1 | 4 | |2 14 |a 895.92209 |b Tac |
| 245 | 0 | 4 | |a Các tác giả dòng văn Nguyễn Huy Trường Lưu - Cuộc đời và tác phẩm |b Tuyển chọn |c Nguyễn Huy Mỹ (ch.b.), Nguyễn Tá Nhí, Nguyễn Thanh Tùng... |
| 260 | |a H. |b Lao động ; Trung tâm Văn hoá và Ngôn ngữ Đông Tây |c 2012 | ||
| 300 | |a 519 tr. |c 21 cm. | ||
| 504 | |a Phụ lục: tr. 393-510. - Thư mục: tr. 511-516 | ||
| 520 | |a Khảo luận về tiểu sử, sự nghiệp của các tác giả dòng văn Nguyễn Huy Trường Lưu, tuyển chọn các tác phẩm của các tác giả dòng văn này, giới thiệu một số bài nghiên cứu và một số Sắc, Tấu, Trát, Bẩm, Trướng... | ||
| 650 | 0 | 4 | |2 Bộ TK TVQG |a Văn học Việt Nam |x Tác giả |
| 650 | 0 | 4 | |2 Bộ TK TVQG |a Văn học Việt Nam |x Tác phẩm |
| 650 | 7 | |2 Bộ TK TVQG | |
| 651 | 7 | |2 Bộ TK TVQG |a Việt Nam | |
| 653 | |a Nguyễn Huy Trường Lưu | ||
| 700 | 1 | |a Nguyễn Tá Nhí | |
| 700 | 1 | |a Nguyễn Huy Mỹ |e ch.b. | |
| 700 | 1 | |a Nguyễn Thanh Tùng | |
| 700 | 1 | |a Lại Văn Hùng | |
| 700 | 1 | |a Phạm Văn Ánh | |
| OWN | |a LSP | ||
| AVA | |a UDN50 |b LSP |d 895.92209 Tac |e available |t Error 5001 Not defined in file expand_doc_bib_avail. |f 5 |g 0 |h N |i 0 |k 1 | ||
| 999 | |a From the UDN01 | ||
| AVA | |a UDN50 |b LSP |d 895.92209 Tac |e available |t Error 5001 Not defined in file expand_doc_bib_avail. |f 5 |g 0 |h N |i 0 |k 1 | ||
| TYP | |a Monograph | ||
| TYP | |a Printed language | ||
| 980 | |a Mạng thư viện Đại học Đà Nẵng | ||